Disney Villains by Description - Statistics

General Stats
  • This quiz has been taken 141 times
  • The average score is 11 of 15
Answer Stats
Description Villain % Correct
Uncle of a young Lion King Scar
99%
Dognapps 15 puppies Cruella de Vil
96%
Keeps a princess ina locked tower Mother Gothel
94%
Enemy of a boy that nevergrows up Captain Hook
91%
Wants to marry the princess ofAgrabah Jafar
91%
Takes a voice from a princess Ursula/Vanessa
88%
Gives a princess a poison apple The Evil Queen
84%
Monster who tries to makeHercules stop loving Megara Hades
83%
Curses a princess to touch steering wheels Maleficent
76%
Wants a princess to stop reading Gaston
73%
Tiger who wants to killa mancub Shere Khan
70%
Wants to take over the emporers place Yzma
70%
Doesn’t allow her stepdaughter to go to the ball Lady Tremaine
68%
Does not allow a bell ringerto go to the festival Frollo
50%
Tries to take over a forestland Govenor Ratcliffe
4%
No matching quizzes found
Score Distribution
Percent of People with Each Score
Percentile by Number Answered
Your Score History
You have not taken this quiz